Statystyki dla Który kraj jest większy?

Kliknij tutaj aby rozwiązać quiz!

Ogólne statystyki

  • Ten quiz został rozwiązany 471 razy
  • Średni wynik to 12 z 15

Statystyki odpowiedzi

ZagadnienieOdpowiedź% Poprawnych
Austria czy Australia?Australia
97%
Rosja czy Chiny?Rosja
96%
Szwajcaria czy Szwecja?Szwecja
94%
Turcja czy Tunezja?Turcja
94%
Słowacja czy Słowenia?Słowacja
89%
Ukraina czy Włochy?Ukraina
89%
Andora czy Angola?Angola
88%
Dominika czy Dominikana?Dominikana
83%
Irak czy Iran?Iran
82%
Liban czy Libia?Libia
82%
Stany Zjednoczone czy Kanada?Kanada
79%
Liechtenstein czy San Marino?Liechtenstein
76%
Wielka Brytania czy Polska?Polska
68%
Irlandia czy Islandia?Islandia
66%
Korea Południowa czy Korea Północna?Korea Północna
56%

Rozkład punktacji

Percentyl według liczby udzielonych odpowiedzi

Procent ludzi z każdym wynikiem

Twoja historia wyników

Nie rozwiązałeś tego quizu